| 000 | 00664nam a2200217 i 4500 | ||
|---|---|---|---|
| 001 | 79078 | ||
| 003 | ES-MaACL | ||
| 005 | 20250729081204.0 | ||
| 007 | t| | ||
| 008 | 041019s1971 sp a |||| |dspa d | ||
| 100 | 1 |
_aHemlebent, Johannes. _962491 |
|
| 245 | 1 | 0 |
_aDarwin / _cJohannes Hemlebent ; [traductor, Mª Carmen Paredes de Castro]. |
| 260 |
_aMadrid : _bAlianza, _c[1971] |
||
| 300 |
_a196 p. : _bil. ; _c18 cm. |
||
| 600 | 1 | 4 |
_aDarwin, Charles, _d1809-1882 _942770 |
| 650 | 4 |
_aEvolución humana. _912627 |
|
| 650 | 0 | 4 |
_aSelección natural. _917030 |
| 700 | 1 |
_aParedes de Castro, Carmen. _989044 |
|
| 852 |
_aES-MaACL _jC-47608 |
||
| 999 |
_c79078 _d79078 |
||